Most Famous Person that Died each Year, 1970-present - Statistics

General Stats
  • This quiz has been taken 110 times
  • The average score is 21 of 55
Answer Stats
Year Main profession Answer Age Hint % Correct
2022 Royal figure Queen Elizabeth II 96
87%
2002 Royal figure Queen Elizabeth (Mother) 101
87%
2024 Political leader Jimmy Carter 100
76%
2013 Political leader Nelson Mandela 95
76%
2016 Boxer Muhammad Ali 74
74%
2021 Royal figure Prince Philip 99
73%
1997 Royal figure Princess Diana 36
72%
1996 Rapper Tupac Shakur 25
70%
1973 Painter Pablo Picasso 91
69%
2009 Singer Michael Jackson 50
67%
1981 Singer-songwriter Bob Marley 36
66%
2020 Footballer Diego Maradona 60
65%
1993 Drug lord Pablo Escobar 44
62%
2005 Religious figure Pope John Paul II 84
62%
1970 Guitarist Jimi Hendrix 27
57%
2018 Physicist Stephen Hawking 76
57%
2004 Political leader Ronald Reagan 93
56%
1994 Political leader Richard Nixon 81
54%
1971 Trumpeter Louis Armstrong 69
53%
1980 Singer-songwriter John Lennon 40
52%
1976 Political leader Mao Zedong 82
51%
2006 Political leader Saddam Hussein 69
51%
1977 Singer Elvis Presley 42
49%
1975 Military general Francisco Franco 82
47%
2011 Businessman Steve Jobs 56
44%
2007 Opera singer Luciano Pavarotti 71
39%
1989 Painter Salvador Dalí 84
38%
1972 Political leader Harry Truman 88
36%
2012 Singer Whitney Houston 48
36%
2001 Guitarist George Harrison 58
34%
1998 Singer Frank Sinatra 82
32%
1991 Singer-songwriter Freddie Mercury 45
32%
2019 Rapper Juice WRLD 21
29%
1999 Film director Stanley Kubrick 70
29%
1987 Visual artist Andy Warhol 58
28%
2014 Actor Robin Williams 63
27%
2015 Guitarist B. B. King 89
20%
2000 Cartoonist Charles Schulz 77
20%
2023 Singer Tina Turner 83
20%
1979 Actor John Wayne 72
14%
1984 Singer-songwriter Marvin Gaye 44
12%
2017 Singer Chuck Berry 90
11%
2003 Singer-songwriter Johnny Cash 71
11%
1982 Actress Grace Kelly 52
10%
2008 Actor Paul Newman 83
10%
1978 Religious figure Pope Paul VI 80
7%
1995 Singer Dean Martin 78
6%
1990 Writer Roald Dahl 74
5%
2010 Writer J. D. Salinger 91
4%
1983 Singer Karen Carpenter 32
4%
1985 Film director Orson Welles 70
4%
1992 Writer Isaac Asimov 72
2%
1986 Actor Cary Grant 82
1%
1974 Composer Duke Ellington 75
1%
1988 Singer-songwriter Roy Orbinson 52
0%
No matching quizzes found
Score Distribution
Percent of People with Each Score
Percentile by Number Answered
Your Score History
You have not taken this quiz